[Event "47th GRE-chT 2019"]
[Site "Patra"]
[Date "2019.07.02"]
[Round "1.1"]
[White "Vallejo Pons, Francisco"]
[Black "Gogolis, Alexandros"]
[Result "1-0"]
[WhiteElo "2687"]
[BlackElo "2189"]
[Annotator "TA"]
[PlyCount "71"]
[EventDate "2019.07.02"]
[EventCountry "GRE"]
[SourceTitle "playchess.com"]
[Source "ChessBase"]
[SourceQuality "1"]

{[%evp 10,71,37,22,33,20,44,27,29,37,29,31,29,30,39,58,61,53,48,35,70,60,62,45,89,35,31,17,38,32,37,39,31,37,58,58,58,58,58,58,58,58,58,39,31,48,30,32,39,30,38,18,25,18,23,34,247,244,244,231,7918,7300,29994,29995]} 1. e4 d5 2. exd5 Qxd5 3. Nc3 Qa5 4. Bc4 Nf6 5. d4 Bg4 6. f3 Bd7 {B01: Scandinavian Defence} 7. Nge2 e6 8. Bd2 {Nd5 is the strong threat.} Qb6 {White has an edge.} 9. a4 (9. Be3 Be7 10. Qd3 O-O 11. O-O-O Nc6 12. d5 Ne5 13. Bxb6 Nxd3+ 14. Rxd3 axb6 15. dxe6 Bxe6 16. Bxe6 fxe6 {½-½ (62) Ragger,M (2659)-Laznicka,V (2654) Novy Bor 2017}) 9... a5 10. Be3 Nc6 11. O-O $146 {[%mdl 2048] White fights for an advantage.} ({Predecessor:} 11. Qd2 Nb4 12. O-O Be7 13. Ne4 O-O {1-0 (44) Nijboer,F (2545)-Willemze,T (2416) Netherlands 2014}) 11... Nb4 12. Bf2 Nbd5 13. Ne4 Be7 14. Bb3 Qa6 15. c4 Nb4 16. N2c3 O-O 17. Nb5 ({White should try} 17. Bh4 $16) 17... Rac8 $14 18. Bg3 Bxb5 19. axb5 Qb6 20. Bf2 {And now d5 would win.} Nxe4 21. fxe4 e5 22. d5 ({Don't play} 22. dxe5 Bc5 $11) 22... Bc5 23. Bxc5 Qxc5+ 24. Kh1 b6 25. Qe2 Rce8 26. Bc2 Qd4 27. Bb1 f5 28. Rd1 Qc5 29. exf5 e4 $1 30. Bxe4 {Threatens to win with Re1.} Rxf5 $1 31. Qg4 Rfe5 32. Bf5 {aiming for Rg1.} Rf8 $2 {[#]} (32... Nc2 $1 $14 33. Bxc2 Qf2 34. Bxh7+ Kxh7) 33. Rf1 $1 $18 {Strongly threatening Be6+.} Kh8 {[#]} 34. Qh3 $1 {[%csl Gf5][%cal Rh3h7]} g6 $2 (34... h6) 35. Bxg6 $1 {[%csl Gg6][%cal Rh3h7]} Rxf1+ 36. Rxf1 {Accuracy: White = 71%, Black = 52%.} 1-0

[Event "47th GRE-chT 2019"]
[Site "Patra"]
[Date "2019.07.02"]
[Round "1.1"]
[White "Safarli, Eltaj"]
[Black "Nikolov, Momchil"]
[Result "1/2-1/2"]
[WhiteElo "2608"]
[BlackElo "2559"]
[Annotator "TA"]
[PlyCount "126"]
[EventDate "2019.07.02"]
[EventCountry "GRE"]
[SourceTitle "playchess.com"]
[Source "ChessBase"]
[SourceQuality "1"]

{[%evp 11,126,3,17,0,0,0,8,4,25,21,31,-4,70,36,47,20,18,0,13,0,13,0,0,0,0,0,0,-7,-7,-7,-7,-7,-2,-21,-23,-23,-23,-23,-21,-20,-22,-34,37,42,44,46,62,16,79,72,49,7,32,8,3,5,5,2,15,0,0,0,0,0,0,0,0,0,0,0,0,0,0,0,0,0,0,0,0,0,0,0,0,0,0,0,0,0,0,0,0,0,0,0,0,0,0,0,0,0,0,0,0,0,0,0,0,0,0,0,0,0,0,0,0,0,0]} 1. e4 e5 2. Nf3 Nc6 3. Bb5 a6 4. Ba4 Nf6 5. Nc3 b5 6. Bb3 Be7 7. a4 {C77: Ruy Lopez: 3...a6 4 Ba4 Nf6, unusual lines} (7. d3 d6 8. a3 Bg4 9. Be3 Rb8 10. h3 Be6 11. Bxe6 fxe6 12. Ne2 O-O 13. Ng3 a5 14. O-O a4 15. c3 Na5 {½-½ (38) Ter Sahakyan,S (2601)-Mikhalevski,V (2580) Budapest 2019}) 7... b4 8. Nd5 d6 9. d4 Bg4 10. dxe5 Nxe5 $146 ({Predecessor:} 10... dxe5 11. Be3 Na5 12. Nxf6+ Bxf6 13. Bd5 c6 14. Ba2 Qe7 {1-0 (43) Horvath,A (2484)-Kushagra,M (2150) Chennai 2018}) 11. h3 Be6 ({Black should try} 11... Bxf3 $11 12. gxf3 Nxd5 13. Bxd5 c6) 12. Nd4 Bd7 13. Qe2 (13. O-O {seems wilder.} O-O 14. Nxe7+ Qxe7 15. Re1 Rae8 16. Bf4) 13... Nxd5 14. exd5 O-O 15. Be3 Bf6 16. O-O Re8 17. Qd2 Qc8 18. Rae1 a5 19. Bg5 Bxg5 20. Qxg5 Qd8 21. Qxd8 Raxd8 22. f4 Ng6 23. Ne6 Rc8 24. f5 Ne5 25. Nd4 Kf8 26. g4 c5 (26... h5 $15) 27. dxc6 $1 $14 Bxc6 28. f6 g6 29. Kh2 d5 (29... Bd7 $11 {keeps the balance.}) 30. Kg3 $16 Nc4 31. Bxc4 dxc4 32. Nxc6 (32. g5 {feels hotter.} Bxa4 33. Ra1 Bd7 34. Rxa5 Re3+ 35. Rf3) 32... Rxc6 {The position is equal.} 33. Rxe8+ Kxe8 $14 {[%mdl 4096] Endgame KR-KR} 34. Re1+ Kd8 $1 35. g5 c3 36. b3 Rd6 37. Re7 Rd2 38. Rxf7 Rxc2 {[#] ...Rc1 is the strong threat.} 39. Rxh7 {White wants to mate with Rh8+.} Ke8 40. Rh8+ Kf7 41. Rh7+ Kg8 42. Rc7 {[#] Black must now prevent h4.} Rc1 43. h4 {Hoping for h5!} Rh1 44. Rc4 (44. h5 {looks sharper.} Rxh5 45. Kf4 Rh4+ 46. Ke3 Rh1 47. Ke2) 44... Kf7 45. Kg2 Rd1 46. Rc7+ Kf8 47. Rc5 {aiming for h5.} Rd2+ 48. Kf3 {Threatens to win with h5.} Rh2 $1 49. Kg3 Rh1 $1 50. Rc8+ Kf7 51. Rc4 Kf8 52. Kg2 Rd1 $1 53. Rc8+ Kf7 54. Rc7+ Kf8 55. h5 Rd5 $1 {[%cal Rd5g5]} 56. h6 Rxg5+ 57. Kf3 Rh5 58. h7 c2 $1 59. Rxc2 Rxh7 60. Rc8+ Kf7 61. Rc7+ Kg8 62. Rc8+ Kf7 63. Rc7+ Kg8 {Accuracy: White = 52%, Black = 69%.} 1/2-1/2

[Event "47th GRE-chT 2019"]
[Site "Patra"]
[Date "2019.07.02"]
[Round "1.2"]
[White "Markidis, Konstantinos"]
[Black "Halkias, Stelios"]
[Result "1/2-1/2"]
[WhiteElo "2247"]
[BlackElo "2553"]
[Annotator "ChessBase"]
[PlyCount "63"]
[EventDate "2019.07.02"]
[EventCountry "GRE"]
[SourceTitle "playchess.com"]
[Source "ChessBase"]
[SourceQuality "1"]
[TimeControl "5400+30"]

1. e4 {[%emt 0:04:52]} c5 {[%emt 0:00:00]} 2. Nf3 {[%emt 0:00:14]} Nc6 {[%emt 0:00:00]} 3. Bb5 {[%emt 0:00:20]} e6 {[%emt 0:00:53]} 4. O-O {[%emt 0:00:23]} Nge7 {[%emt 0:00:43]} 5. d4 {[%emt 0:00:48]} cxd4 {[%emt 0:00:07]} 6. Nxd4 {[%emt 0:01:04]} Ng6 {[%emt 0:03:30]} 7. Be2 {[%emt 0:10:00]} Be7 {[%emt 0:02:36]} 8. Be3 {[%emt 0:01:34]} O-O {[%emt 0:01:25]} 9. c4 {[%emt 0:20:24]} Nxd4 {[%emt 0:03:02]} 10. Qxd4 {[%emt 0:03:18]} b6 {[%emt 0:00:47]} 11. Nc3 {[%emt 0:01:50]} Bb7 {[%emt 0:08:15]} 12. Rad1 {[%emt 0:02:50]} Bc6 {[%emt 0:13:16]} 13. f4 {[%emt 0:09:52]} Qb8 {[%emt 0:06:31]} 14. g3 {[%emt 0:14:51]} f6 {[%emt 0:10:13]} 15. Qd3 {[%emt 0:07:00]} a6 {[%emt 0:06:54]} 16. a3 {[%emt 0:05:31]} b5 {[%emt 0:15:40]} 17. cxb5 {[%emt 0:00:40]} axb5 {[%emt 0:00:37]} 18. Nxb5 {[%emt 0:05:18]} Qb7 {[%emt 0:00:07]} 19. Rd2 {[%emt 0:01:33]} Rfb8 {[%emt 0:00:28]} 20. Nc3 {[%emt 0:00:44]} Bd8 {[%emt 0:06:56]} 21. Ra1 {[%emt 0:01:34]} Ba5 {[%emt 0:01:37]} 22. b4 {[%emt 0:02:36]} Bxb4 {[%emt 0:00:56]} 23. Rb2 {[%emt 0:01:29]} Qc8 {[%emt 0:01:46]} 24. Rb3 {[%emt 0:00:53]} Ba5 {[%emt 0:00:25]} 25. Rab1 Rxb3 {[%emt 0:00:00]} 26. Rxb3 {[%emt 0:00:00]} Bxc3 {[%emt 0:00:32]} 27. Rxc3 {[%emt 0:02:24]} Ra4 {[%emt 0:02:15]} 28. Rc4 {[%emt 0:00:43]} Qa8 {[%emt 0:00:17]} 29. Rxa4 {[%emt 0:00:03]} Qxa4 {[%emt 0:01:21]} 30. Bd4 {[%emt 0:01:24]} Bb5 {[%emt 0:01:03]} 31. Bd1 {[%emt 0:00:30]} Qa6 {[%emt 0:02:00]} 32. Qc3 {[%emt 0:01:14]} 1/2-1/2

[Event "47th GRE-chT 2019"]
[Site "Patra"]
[Date "2019.07.02"]
[Round "1.2"]
[White "Nikolaidis, Konstantinos"]
[Black "Martinovic, Sasa"]
[Result "1/2-1/2"]
[WhiteElo "2147"]
[BlackElo "2560"]
[Annotator "ChessBase"]
[PlyCount "65"]
[EventDate "2019.07.02"]
[EventCountry "GRE"]
[SourceTitle "playchess.com"]
[Source "ChessBase"]
[SourceQuality "1"]
[TimeControl "5400+30"]

1. d4 {[%emt 0:00:00]} Nf6 {[%emt 0:00:00]} 2. c4 {[%emt 0:00:01]} g6 {[%emt 0:00:00]} 3. Nc3 {[%emt 0:00:19]} Bg7 {[%emt 0:00:00]} 4. e4 {[%emt 0:00:28]} d6 {[%emt 0:00:00]} 5. Be2 {[%emt 0:00:18]} O-O {[%emt 0:00:00]} 6. Be3 {[%emt 0:00:36]} e5 {[%emt 0:00:45]} 7. d5 {[%emt 0:00:25]} Na6 {[%emt 0:00:04]} 8. g4 {[%emt 0:00:32]} Nc5 {[%emt 0:00:07]} 9. f3 {[%emt 0:03:52]} h5 {[%emt 0:00:20]} 10. g5 {[%emt 0:00:21]} Nh7 {[%emt 0:00:11]} 11. h4 {[%emt 0:00:41]} f6 {[%emt 0:00:07]} 12. gxf6 {[%emt 0:00:20]} Bxf6 {[%emt 0:00:16]} 13. Bf2 {[%emt 0:00:12]} Be7 {[%emt 0:01:08]} 14. Kd2 {[%emt 0:00:28]} Rf4 {[%emt 0:15:03]} 15. Qe1 {[%emt 0:00:25]} a5 {[%emt 0:03:39]} 16. Kc2 {[%emt 0:01:36]} Nf8 {[%emt 0:03:58]} 17. Rd1 {[%emt 0:03:32]} a4 {[%emt 0:04:42]} 18. Rd2 {[%emt 0:10:20]} Kh7 {[%emt 0:04:25]} 19. Bd1 {[%emt 0:06:50]} Nfd7 {[%emt 0:02:59]} 20. Nh3 {[%emt 0:03:45]} Rf7 {[%emt 0:08:05]} 21. Be3 {[%emt 0:09:10]} Nb6 {[%emt 0:02:54]} 22. Ng5+ {[%emt 0:04:55]} Bxg5 {[%emt 0:00:04]} 23. Bxg5 {[%emt 0:00:48]} Qf8 {[%emt 0:01:23]} 24. Qf1 {[%emt 0:04:19]} c6 {[%emt 0:09:17]} 25. Rg2 {[%emt 0:02:02]} cxd5 {[%emt 0:04:31]} 26. cxd5 {[%emt 0:00:05]} Bd7 {[%emt 0:00:43]} 27. Kb1 {[%emt 0:01:23]} Rc8 {[%emt 0:03:47]} 28. Bd2 {[%emt 0:06:12]} Be8 {[%emt 0:11:32]} 29. Rhg1 {[%emt 0:06:28]} Rf6 {[%emt 0:04:03]} 30. Bg5 {[%emt 0:09:14]} Rf7 {[%emt 0:01:23]} 31. Bd2 {[%emt 0:03:00]} Rf6 {[%emt 0:04:54]} 32. Bg5 {[%emt 0:01:48]} Rf7 {[%emt 0:00:05]} 33. Bd2 {[%emt 0:01:48]} 1/2-1/2

[Event "47th GRE-chT 2019"]
[Site "Patra"]
[Date "2019.07.02"]
[Round "1.3"]
[White "Spyropoulos, Nikolaos"]
[Black "Kordis, Konstantinos"]
[Result "1-0"]
[WhiteElo "2404"]
[BlackElo "2128"]
[Annotator "ChessBase"]
[PlyCount "43"]
[EventDate "2019.07.02"]
[EventCountry "GRE"]
[SourceTitle "playchess.com"]
[Source "ChessBase"]
[SourceQuality "1"]
[TimeControl "5400+30"]

1. e4 {[%emt 0:00:00]} c5 {[%emt 0:00:00]} 2. Nf3 {[%emt 0:00:00]} d6 {[%emt 0:00:00]} 3. d4 {[%emt 0:00:00]} cxd4 {[%emt 0:00:00]} 4. Nxd4 {[%emt 0:00:00]} Nf6 {[%emt 0:00:02]} 5. Nc3 {[%emt 0:00:05]} a6 {[%emt 0:00:09]} 6. Be2 {[%emt 0:00:50]} e6 {[%emt 0:00:30]} 7. Be3 {[%emt 0:00:20]} Nc6 {[%emt 0:00:37]} 8. g4 {[%emt 0:04:46]} h6 {[%emt 0:03:32]} 9. Qd2 {[%emt 0:22:32]} Qc7 {[%emt 0:22:49]} 10. f4 {[%emt 0:04:52]} Nd7 {[%emt 0:08:21]} 11. O-O-O {[%emt 0:13:46]} Nxd4 {[%emt 0:01:20]} 12. Bxd4 {[%emt 0:05:04]} b5 {[%emt 0:00:12]} 13. a3 {[%emt 0:00:18]} Nb6 {[%emt 0:03:46]} 14. g5 {[%emt 0:04:42]} hxg5 {[%emt 0:05:18]} 15. fxg5 {[%emt 0:00:05]} Nc4 {[%emt 0:00:12]} 16. Bxc4 {[%emt 0:03:42]} Qxc4 {[%emt 0:03:30]} 17. h4 {[%emt 0:04:30]} Rh5 {[%emt 0:21:19]} 18. Bxg7 {[%emt 0:05:10]} Be7 {[%emt 0:07:03]} 19. Bf6 {[%emt 0:00:40]} Bf8 {[%emt 0:01:19]} 20. Qg2 {[%emt 0:06:30]} Qc7 {[%emt 0:03:42]} 21. Qf3 {[%emt 0:04:31]} Rh7 {[%emt 0:03:03]} 22. h5 {[%emt 0:00:07]} 1-0

[Event "47th GRE-chT 2019"]
[Site "Patra"]
[Date "2019.07.02"]
[Round "1.3"]
[White "Goumas, Georgios"]
[Black "Michos, Thomas"]
[Result "1-0"]
[WhiteElo "2388"]
[BlackElo "2212"]
[Annotator "ChessBase"]
[PlyCount "47"]
[EventDate "2019.07.02"]
[EventCountry "GRE"]
[SourceTitle "playchess.com"]
[Source "ChessBase"]
[SourceQuality "1"]
[TimeControl "5400+30"]

1. e4 {[%emt 0:01:05]} e5 {[%emt 0:00:00]} 2. Nf3 {[%emt 0:00:13]} Nc6 {[%emt 0:00:00]} 3. d4 {[%emt 0:00:11]} exd4 {[%emt 0:00:00]} 4. Nxd4 {[%emt 0:00:06]} Nf6 {[%emt 0:00:00]} 5. Nxc6 {[%emt 0:01:02]} bxc6 {[%emt 0:00:00]} 6. e5 {[%emt 0:00:24]} Qe7 {[%emt 0:00:28]} 7. Qe2 {[%emt 0:00:11]} Nd5 {[%emt 0:00:05]} 8. c4 {[%emt 0:00:37]} Nb6 {[%emt 0:00:05]} 9. Nc3 {[%emt 0:00:34]} a5 {[%emt 0:00:23]} 10. Bd2 {[%emt 0:02:01]} Ba6 {[%emt 0:03:24]} 11. Qe4 {[%emt 0:03:25]} Qe6 {[%emt 0:00:18]} 12. b3 {[%emt 0:00:28]} Bb4 {[%emt 0:12:28]} 13. Bd3 {[%emt 0:00:56]} d5 {[%emt 0:11:49]} 14. exd6 {[%emt 0:01:48]} cxd6 {[%emt 0:00:22]} 15. O-O-O {[%emt 0:00:10]} Qxe4 {[%emt 0:02:07]} 16. Bxe4 {[%emt 0:00:42]} Rc8 {[%emt 0:12:36]} 17. Bf5 {[%emt 0:01:34]} Rc7 {[%emt 0:04:39]} 18. Rhe1+ {[%emt 0:00:21]} Re7 {[%emt 0:00:08]} 19. Ne4 {[%emt 0:13:45]} Bxd2+ {[%emt 0:09:12]} 20. Kxd2 {[%emt 0:00:38]} d5 {[%emt 0:01:52]} 21. Nd6+ {[%emt 0:00:25]} Kd8 {[%emt 0:00:56]} 22. c5 {[%emt 0:00:05]} Nd7 {[%emt 0:04:34]} 23. Rxe7 {[%emt 0:00:09]} Kxe7 {[%emt 0:00:00]} 24. Re1+ {[%emt 0:00:00]} 1-0

[Event "47th GRE-chT 2019"]
[Site "Patra"]
[Date "2019.07.02"]
[Round "1.4"]
[White "Valsamidis, Ioannis"]
[Black "Michelakos, Panagiotis"]
[Result "0-1"]
[WhiteElo "2063"]
[BlackElo "2265"]
[Annotator "NA"]
[PlyCount "86"]
[EventDate "2019.07.02"]
[EventCountry "GRE"]
[SourceTitle "playchess.com"]
[Source "ChessBase"]
[SourceQuality "1"]
[TimeControl "5400+30"]

1. e4 {[%emt 0:00:00]} c5 {[%emt 0:00:00]} 2. Nf3 {[%emt 0:00:54]} Nc6 {[%emt 0:00:00]} 3. Bb5 {[%emt 0:00:25]} g6 {[%emt 0:00:55]} 4. c3 {[%emt 0:00:44]} Bg7 {[%emt 0:00:15]} 5. d4 {[%emt 0:03:22]} cxd4 {[%emt 0:00:05]} 6. cxd4 {[%emt 0:15:10]} Nf6 {[%emt 0:02:53]} 7. Nc3 {[%emt 0:03:27]} a6 {[%emt 0:14:24]} 8. Bd3 {[%emt 0:02:05]} d6 {[%emt 0:00:52]} 9. h3 {[%emt 0:01:50]} O-O {[%emt 0:00:46]} 10. O-O {[%emt 0:00:12]} Nd7 {[%emt 0:09:44]} 11. Be3 {[%emt 0:17:04]} b5 {[%emt 0:04:21]} 12. Rc1 {[%emt 0:00:55]} Bb7 {[%emt 0:11:53]} 13. a4 {[%emt 0:02:24]} b4 {[%emt 0:07:59]} 14. Nb1 {[%emt 0:18:16]} e5 {[%emt 0:02:07]} 15. d5 {[%emt 0:01:08]} Nd4 {[%emt 0:12:17]} 16. Nbd2 {[%emt 0:02:44]} Nc5 {[%emt 0:01:04]} 17. Bb1 {[%emt 0:01:47]} a5 {[%emt 0:11:48]} 18. Nc4 {[%emt 0:07:15]} Ba6 {[%emt 0:11:16]} 19. Nfd2 {[%emt 0:06:03]} Rc8 {[%emt 0:03:11]} 20. Bxd4 {[%emt 0:00:05]} exd4 {[%emt 0:01:31]} 21. f4 {[%emt 0:09:43]} d3 {[%emt 0:01:06]} 22. Rf3 {[%emt 0:02:01]} Nxe4 {[%emt 0:01:12]} 23. Bxd3 {[%emt 0:00:39]} Bd4+ {[%emt 0:00:26]} 24. Kh2 {[%emt 0:00:46]} Nf2 {[%emt 0:01:18]} 25. Qf1 {[%emt 0:00:15]} Nxd3 {[%emt 0:00:01]} 26. Rxd3 {[%emt 0:01:00]} Bg7 {[%emt 0:00:53]} 27. b3 {[%emt 0:02:29]} Re8 {[%emt 0:00:23]} 28. Re1 {[%emt 0:00:36]} Qh4 {[%emt 0:00:30]} 29. g3 {[%emt 0:00:26]} Rxe1 {[%emt 0:00:04]} 30. Qxe1 {[%emt 0:00:33]} Qf6 {[%emt 0:00:11]} 31. Re3 {[%emt 0:00:22]} Bxc4 {[%emt 0:00:13]} 32. Nxc4 {[%emt 0:00:11]} h5 {[%emt 0:01:28]} 33. h4 {[%emt 0:00:06]} Rc5 {[%emt 0:00:21]} 34. Re8+ {[%emt 0:00:02]} Kh7 {[%emt 0:00:52]} 35. Qe4 {[%emt 0:01:14]} Qd4 {[%emt 0:00:33]} 36. Nxd6 {[%emt 0:00:53]} Qb2+ {[%emt 0:00:22]} 37. Kh3 {[%emt 0:00:01]} Rc2 {[%emt 0:00:28]} 38. Qh1 {[%emt 0:01:02]} Qf6 {[%emt 0:00:34]} 39. Qe4 {[%emt 0:00:13]} Qxd6 {[%emt 0:00:00]} 40. Qxc2 {[%emt 0:00:00]} Qd7+ {[%emt 0:00:00]} 41. Re6 {[%emt 0:00:00]} fxe6 {[%emt 0:00:00]} 42. dxe6 {[%emt 0:00:00]} Qxe6+ {[%emt 0:00:00]} 43. Kh2 {[%emt 0:00:00]} Bc3 {[%emt 0:00:00]} 0-1

[Event "47th GRE-chT 2019"]
[Site "Patra"]
[Date "2019.07.02"]
[Round "1.4"]
[White "Dimopoulos, Symeon"]
[Black "Balokas, Dimitrios"]
[Result "1/2-1/2"]
[WhiteElo "2008"]
[BlackElo "2206"]
[Annotator "NA"]
[PlyCount "35"]
[EventDate "2019.07.02"]
[EventCountry "GRE"]
[SourceTitle "playchess.com"]
[Source "ChessBase"]
[SourceQuality "1"]
[TimeControl "5400+30"]

1. e4 {[%emt 0:02:57]} e5 {[%emt 0:00:00]} 2. Nf3 {[%emt 0:00:25]} Nc6 {[%emt 0:00:00]} 3. Nc3 {[%emt 0:01:49]} Nf6 {[%emt 0:00:55]} 4. Bb5 {[%emt 0:01:57]} Bc5 {[%emt 0:01:33]} 5. Nxe5 {[%emt 0:02:11]} Nxe5 {[%emt 0:00:15]} 6. d4 {[%emt 0:00:09]} a6 {[%emt 0:00:14]} 7. Be2 {[%emt 0:01:49]} Bd6 {[%emt 0:00:13]} 8. dxe5 {[%emt 0:02:19]} Bxe5 {[%emt 0:00:45]} 9. Bg5 {[%emt 0:01:20]} h6 {[%emt 0:01:48]} 10. Bh4 {[%emt 0:00:53]} c6 {[%emt 0:02:23]} 11. O-O {[%emt 0:01:38]} Qc7 {[%emt 0:00:08]} 12. f4 {[%emt 0:09:25]} Bxf4 {[%emt 0:00:26]} 13. Rxf4 {[%emt 0:00:50]} Qxf4 {[%emt 0:00:08]} 14. Bg3 {[%emt 0:00:19]} Qe3+ {[%emt 0:00:08]} 15. Bf2 {[%emt 0:00:51]} Qf4 {[%emt 0:00:07]} 16. Bg3 {[%emt 0:01:25]} Qe3+ {[%emt 0:00:07]} 17. Bf2 {[%emt 0:01:05]} Qf4 {[%emt 0:00:08]} 18. Bg3 {[%emt 0:02:16]} 1/2-1/2

[Event "47th GRE-chT 2019"]
[Site "Patra"]
[Date "2019.07.02"]
[Round "1.5"]
[White "Botsari, Anna-Maria"]
[Black "Galunova, Tsveta"]
[Result "0-1"]
[WhiteElo "2233"]
[BlackElo "2156"]
[Annotator "NA"]
[PlyCount "64"]
[EventDate "2019.07.02"]
[EventCountry "GRE"]
[SourceTitle "playchess.com"]
[Source "ChessBase"]
[SourceQuality "1"]
[TimeControl "5400+30"]

1. d4 {[%emt 0:00:15]} d5 {[%emt 0:00:00]} 2. c4 {[%emt 0:00:15]} dxc4 {[%emt 0:00:00]} 3. Nf3 {[%emt 0:00:10]} Nf6 {[%emt 0:00:00]} 4. e3 {[%emt 0:01:23]} e6 {[%emt 0:00:02]} 5. Bxc4 {[%emt 0:00:06]} c5 {[%emt 0:00:10]} 6. O-O {[%emt 0:00:42]} Nc6 {[%emt 0:00:21]} 7. Qe2 {[%emt 0:01:22]} cxd4 {[%emt 0:00:21]} 8. Rd1 {[%emt 0:00:13]} Be7 {[%emt 0:01:03]} 9. exd4 {[%emt 0:00:58]} Na5 {[%emt 0:03:24]} 10. Bd3 {[%emt 0:00:46]} O-O {[%emt 0:00:18]} 11. Nc3 {[%emt 0:00:13]} b6 {[%emt 0:00:54]} 12. Bg5 {[%emt 0:04:39]} Bb7 {[%emt 0:01:17]} 13. Rac1 {[%emt 0:06:19]} Rc8 {[%emt 0:05:36]} 14. Bb1 {[%emt 0:13:45]} Re8 {[%emt 0:27:12]} 15. Ne5 {[%emt 0:08:30]} g6 {[%emt 0:09:44]} 16. Bh6 {[%emt 0:07:40]} Bf8 {[%emt 0:07:02]} 17. Bg5 {[%emt 0:10:58]} Be7 {[%emt 0:00:44]} 18. Re1 {[%emt 0:15:34]} Nd5 {[%emt 0:11:20]} 19. Bd2 {[%emt 0:06:53]} Nxc3 {[%emt 0:02:18]} 20. bxc3 {[%emt 0:01:10]} Bg5 {[%emt 0:04:37]} 21. Be3 {[%emt 0:04:57]} Qd5 {[%emt 0:03:29]} 22. Qg4 {[%emt 0:03:30]} Bxe3 {[%emt 0:02:34]} 23. Rxe3 {[%emt 0:01:51]} f5 {[%emt 0:03:29]} 24. Qg5 {[%emt 0:01:33]} Qxd4 {[%emt 0:09:02]} 25. Qf6 {[%emt 0:04:48]} Rc7 {[%emt 0:00:34]} 26. Rd3 {[%emt 0:00:43]} Qf4 {[%emt 0:00:52]} 27. Rcd1 {[%emt 0:01:35]} Bd5 {[%emt 0:00:37]} 28. g3 {[%emt 0:02:07]} Qh6 {[%emt 0:01:08]} 29. h4 {[%emt 0:00:55]} Qg7 {[%emt 0:01:02]} 30. Qxg7+ {[%emt 0:00:15]} Kxg7 {[%emt 0:00:01]} 31. f4 {[%emt 0:00:32]} Nc4 {[%emt 0:00:38]} 32. Nxc4 {[%emt 0:00:46]} Rxc4 {[%emt 0:00:03]} 0-1

[Event "47th GRE-chT 2019"]
[Site "Patra"]
[Date "2019.07.02"]
[Round "1.6"]
[White "Aivazian, Elpida Sofia"]
[Black "Bastianou, Chrysoula"]
[Result "1/2-1/2"]
[WhiteElo "1630"]
[BlackElo "1670"]
[Annotator "NA"]
[PlyCount "106"]
[EventDate "2019.07.02"]
[EventCountry "GRE"]
[SourceTitle "playchess.com"]
[Source "ChessBase"]
[SourceQuality "1"]
[TimeControl "5400+30"]

1. e4 {[%emt 0:00:00]} e6 {[%emt 0:00:00]} 2. d4 {[%emt 0:00:00]} d5 {[%emt 0:00:00]} 3. Nd2 {[%emt 0:00:00]} c5 {[%emt 0:00:00]} 4. Ngf3 {[%emt 0:00:00]} cxd4 {[%emt 0:00:00]} 5. exd5 {[%emt 0:00:00]} Qxd5 {[%emt 0:00:00]} 6. Bc4 {[%emt 0:00:04]} Qd8 {[%emt 0:00:14]} 7. O-O {[%emt 0:00:45]} a6 {[%emt 0:11:52]} 8. a4 {[%emt 0:03:26]} Nf6 {[%emt 0:01:27]} 9. Nb3 {[%emt 0:03:16]} Bd6 {[%emt 0:03:51]} 10. Nbxd4 {[%emt 0:03:14]} Qc7 {[%emt 0:04:59]} 11. Qe2 {[%emt 0:04:36]} O-O {[%emt 0:03:24]} 12. Bg5 {[%emt 0:31:31]} e5 {[%emt 0:08:17]} 13. Bxf6 {[%emt 0:00:06]} gxf6 {[%emt 0:01:46]} 14. Nb3 {[%emt 0:07:25]} Kh8 {[%emt 0:11:50]} 15. Nbd2 {[%emt 0:23:33]} Nc6 {[%emt 0:15:30]} 16. Ne4 {[%emt 0:02:18]} f5 {[%emt 0:06:50]} 17. Nxd6 {[%emt 0:00:07]} Qxd6 {[%emt 0:02:23]} 18. Rfd1 {[%emt 0:01:35]} Qf6 {[%emt 0:10:48]} 19. c3 {[%emt 0:03:52]} Be6 {[%emt 0:01:05]} 20. Bxe6 {[%emt 0:00:07]} Qxe6 {[%emt 0:06:55]} 21. b4 {[%emt 0:06:05]} Rac8 {[%emt 0:00:54]} 22. b5 {[%emt 0:03:09]} Na5 23. Qxe5+ {[%emt 0:00:00]} Qxe5 {[%emt 0:00:56]} 24. Nxe5 {[%emt 0:01:37]} Rxc3 {[%emt 0:00:58]} 25. bxa6 {[%emt 0:00:39]} bxa6 {[%emt 0:02:43]} 26. Rd7 {[%emt 0:01:32]} Kg8 {[%emt 0:01:19]} 27. h3 {[%emt 0:00:53]} Nb3 {[%emt 0:00:34]} 28. Rad1 {[%emt 0:01:05]} Nc5 {[%emt 0:02:53]} 29. R7d5 {[%emt 0:01:49]} Nxa4 {[%emt 0:00:16]} 30. Ra5 {[%emt 0:00:34]} Nc5 {[%emt 0:01:05]} 31. Nd7 {[%emt 0:00:11]} Nxd7 {[%emt 0:00:05]} 32. Rxd7 {[%emt 0:01:34]} Rc6 {[%emt 0:02:02]} 33. Ra7 {[%emt 0:00:40]} Kg7 {[%emt 0:00:36]} 34. R7xa6 {[%emt 0:00:07]} Rxa6 {[%emt 0:00:04]} 35. Rxa6 {[%emt 0:00:31]} Re8 {[%emt 0:00:59]} 36. Kh2 {[%emt 0:00:23]} f6 {[%emt 0:00:37]} 37. Kg3 {[%emt 0:00:10]} Kg6 {[%emt 0:00:34]} 38. h4 {[%emt 0:01:04]} h5 {[%emt 0:00:28]} 39. Kf3 {[%emt 0:00:25]} Rd8 {[%emt 0:00:00]} 40. Re6 {[%emt 0:00:00]} Rc8 {[%emt 0:00:00]} 41. g3 {[%emt 0:00:00]} Rb8 {[%emt 0:00:00]} 42. Ke2 {[%emt 0:00:00]} Rb2+ {[%emt 0:00:00]} 43. Ke3 {[%emt 0:00:00]} Rb3+ {[%emt 0:00:00]} 44. Kd4 {[%emt 0:00:00]} Rb2 {[%emt 0:00:00]} 45. Ke3 {[%emt 0:00:00]} Rb3+ {[%emt 0:00:00]} 46. Ke2 {[%emt 0:00:00]} Rb2+ {[%emt 0:00:00]} 47. Kf3 {[%emt 0:00:00]} Rb3+ {[%emt 0:00:00]} 48. Re3 {[%emt 0:00:00]} Rb4 {[%emt 0:00:00]} 49. Kg2 {[%emt 0:00:00]} Rc4 {[%emt 0:00:00]} 50. Kh3 {[%emt 0:00:00]} Rb4 {[%emt 0:00:00]} 51. f3 {[%emt 0:00:00]} Rc4 {[%emt 0:00:00]} 52. Kg2 {[%emt 0:00:00]} Rc2+ {[%emt 0:00:00]} 53. Kg1 {[%emt 0:00:00]} Ra2 {[%emt 1:00:21]} 1/2-1/2